000 01644cam a22003974i 4500
001 991030116339706706
003 ES-BaIT
005 20260416091950.0
008 960521s1921 sp |||||| |00| d|spa|c
035 _a(ES-BaCBU).b17905515
035 _a(OCoLC)805667017
040 _aES-BaCBU
_bcat
_cES-BaCBU
041 1 _aspa
_hger
080 _a830-2"19"
100 1 _aSchnitzler, Arthur,
_d1862-1931
_eautor
_945679
240 1 0 _aTeatre.
_kSeleccions.
_lCastellà
_9157576
245 1 0 _aAnatol ;
_by, A la cacatúa verde /
_cArturo Schnitzler ; traducción del alemán por Trudy Graa y Luis Araquistain
264 1 _a[Madrid] :
_bCalpe,
_c[1921]
264 4 _a©1921
300 _a186 pàgines ;
_c21 cm
336 _atext
_btxt
_2rdacontent
337 _asense mediació
_bn
_2rdamedia
338 _avolum
_bnc
_2rdacarrier
490 1 _aColección contemporánea
500 _aTítols dels actes d'Anatol: La pregunta al destino ; Compras de Navidad ; Episodio ; Piedras conmemorativas ; Cena de despedida ; Agonía ; Mañana de boda de Anatol
593 _a0110
_b20.970
_cEnquadernació en tela encarnada
_hArtur Sedó
700 1 2 _iContenidor de (expressió):
_aSchnitzler, Arthur,
_d1862-1931.
_tGrüne Kakadu.
_lCastellà
_9169273
700 1 2 _iContenidor de (expressió):
_aSchnitzler, Arthur,
_d1862-1931.
_tAnatol.
_lCastellà
_979248
700 1 _aAraquistáin, Luis,
_d1886-1959
_etraductor
_9148652
700 1 _aGraa, Trudy
_etraductor
_923231
830 0 _aColección contemporánea (1920)
_9169274
902 _aPatrimoni
908 _aBC
_aCDMAE
_aUAB
_aUB
_aBAB
942 _2udc
_c1
949 _61900018993
_aN-35330
_oR.20.189
999 _c137380
_d137380